000 00729cam a22002657a 4500
003 CHAP
005 20220329141759.0
008 971013s1951 r 00010 d
010 _a73720
011 _a74692
035 _a84251
040 _cCHAP
082 _a633.71
_bG37
100 0 0 _aGarner, W. Wightman.
_946917
245 1 4 _aThe production of tobacco
260 _aNew York :
_bBlakiston,
_c1951
300 _a520 p.
_b: ilus.
590 _aBATCH-UPD
_b10
_c20130110
_lUCH01
_h0834
590 _aCONVERSION
_b10
_c20130109
_lUCH01
_h1340
650 1 4 _aTabaco.
_9111196
650 1 4 _aTabaco
_xE.U.A.
_9111210
901 _aBK
942 _cLIBRO
949 _a633.71 G37
_bBC
_cLIBRO
_d33724000215778
_eLIBRO
_h22766
_i84251
_si
999 _c73720
_d73720